000 00352nam a22001457a 4500
008 221107b ||||| |||| 00| 0 eng d
020 _a9780134395326
041 _aeng
080 _2twelfth edition
_a611
082 _a611 MAR
100 _a10.2
101 _aANAT
245 _aESSENTIALS OF HUMAN ANATOMY & PHYSIOLOGY
_cMARIEB E
942 _2udc
_cBK
999 _c58754
_d58754